[Event "Bucaramanga op"]
[Site "Bucaramanga"]
[Date "2023.09.08"]
[Round "6"]
[White "Martinez, Julian"]
[Black "Rivera Suarez, Cesar Dario"]
[Result "1/2-1/2"]
[WhiteElo "2153"]
[BlackElo "1791"]
[PlyCount "86"]
[EventDate "2023.09.06"]
[EventType "swiss"]
[EventRounds "9"]
[EventCountry "COL"]
[SourceTitle "EXT 2024"]
[Source "ChessBase"]
[SourceDate "2023.10.10"]
[SourceVersion "1"]
[SourceVersionDate "2023.10.10"]
[SourceQuality "1"]

1. d4 Nf6 2. Nf3 d5 3. g3 Bf5 4. Bg2 e6 5. 0-0 Nbd7 6. Nbd2 Be7 7. c4 c6 8. b3 0-0 9. Nh4 Bg4 10. Re1 e5 11. cxd5 Nxd5 12. Nhf3 exd4 13. Nxd4 Bb4 14. Bb2 N7f6 15. a3 Bc3 16. Qc2 Bxb2 17. Qxb2 Re8 18. e4 Nc7 19. e5 Nfd5 20. h3 Bd7 21. Ne4 Rb8 22. Nd6 Rf8 23. Rad1 Ne8 24. N4f5 Be6 25. f4 Nxd6 26. Nxd6 Qb6+ 27. Kh2 Ne3 28. Rd3 Nxg2 29. Kxg2 Bd5+ 30. Kh2 Rbd8 31. Rde3 f6 32. exf6 Rxd6 33. fxg7 Rff6 34. g4 Bf7 35. Re8+ Bxe8 36. Rxe8+ Kxg7 37. g5 Kf7 38. gxf6 Kxe8 39. Qe2+ Kf7 40. Qe7+ Kg6 41. Qg7+ Kf5 42. Qg5+ Ke4 43. Qe5+ Kf3 1/2-1/2

[Event "Bucaramanga op"]
[Site "Bucaramanga"]
[Date "2023.09.08"]
[Round "5"]
[White "Rivera Suarez, Cesar Dario"]
[Black "Sarmiento, Juan Diego"]
[Result "1-0"]
[WhiteElo "1791"]
[BlackElo "1533"]
[PlyCount "39"]
[EventDate "2023.09.06"]
[EventType "swiss"]
[EventRounds "9"]
[EventCountry "COL"]
[SourceTitle "EXT 2024"]
[Source "ChessBase"]
[SourceDate "2023.10.10"]
[SourceVersion "1"]
[SourceVersionDate "2023.10.10"]
[SourceQuality "1"]

1. e4 c5 2. Nf3 d6 3. d4 cxd4 4. Nxd4 Nf6 5. Nc3 a6 6. Bg5 e6 7. f4 Be7 8. Qf3 0-0 9. 0-0-0 Nbd7 10. Be2 Qc7 11. Qg3 Re8 12. Bf3 Rb8 13. Rhe1 e5 14. Nf5 Bf8 15. Nh6+ Kh8 16. Nxf7+ Kg8 17. Nh6+ Kh8 18. fxe5 Nxe5 19. Bxf6 gxf6 20. Qg8# 1-0

[Event "Bucaramanga Santander-ch"]
[Site "Bucaramanga"]
[Date "2023.04.02"]
[Round "6"]
[White "Rivera Suarez, Cesar Dario"]
[Black "Virviescas Sanchez, Christian Stewart"]
[Result "1/2-1/2"]
[WhiteElo "1800"]
[BlackElo "1631"]
[PlyCount "22"]
[EventDate "2023.03.31"]
[EventType "swiss"]
[EventRounds "7"]
[EventCountry "COL"]
[SourceTitle "CBM 213 Extra"]
[Source "ChessBase"]
[SourceDate "2023.05.31"]
[SourceVersion "1"]
[SourceVersionDate "2023.05.31"]
[SourceQuality "1"]

1. e4 c5 2. Nf3 Nc6 3. d4 cxd4 4. Nxd4 e5 5. Nb5 d6 6. c4 Nf6 7. Bg5 a6 8. N5c3 Be7 9. g3 Bg4 10. f3 Be6 11. Be3 0-0 1/2-1/2

[Event "Bucaramanga Santander-ch"]
[Site "Bucaramanga"]
[Date "2023.03.31"]
[Round "1"]
[White "Rivera Suarez, Cesar Dario"]
[Black "Cote Chacon, Omar David"]
[Result "1-0"]
[WhiteElo "1800"]
[BlackElo "1600"]
[PlyCount "46"]
[EventDate "2023.03.31"]
[EventType "swiss"]
[EventRounds "7"]
[EventCountry "COL"]
[SourceTitle "CBM 213 Extra"]
[Source "ChessBase"]
[SourceDate "2023.05.31"]
[SourceVersion "1"]
[SourceVersionDate "2023.05.31"]
[SourceQuality "1"]

1. e4 c5 2. Nf3 Nc6 3. d4 cxd4 4. Nxd4 d6 5. c4 g6 6. Nc3 Bg7 7. Be3 Nf6 8. h3 0-0 9. g3 Qb6 10. Nb3 Qc7 11. Rc1 a6 12. Bg2 Ne5 13. Nd5 Qd7 14. Nb6 Qe6 15. Nxa8 Nxc4 16. Nc7 Qe5 17. Bd4 Nxb2 18. Bxe5 Nxd1 19. Bxf6 Bxf6 20. Kxd1 Bd7 21. Nd5 Bg5 22. f4 Bh6 23. Rc7 Bg7 1-0

[Event "Bucaramanga op"]
[Site "Bucaramanga"]
[Date "2022.12.18"]
[Round "5"]
[White "Martinez Zuluaica, Julian"]
[Black "Rivera Suarez, Cesar Dario"]
[Result "1-0"]
[WhiteElo "2141"]
[BlackElo "1774"]
[PlyCount "83"]
[EventDate "2022.12.16"]
[EventType "swiss"]
[EventRounds "7"]
[EventCountry "COL"]
[SourceTitle "EXT 2024"]
[Source "ChessBase"]
[SourceDate "2023.10.10"]
[SourceVersion "1"]
[SourceVersionDate "2023.10.10"]
[SourceQuality "1"]

1. d4 Nf6 2. Nf3 e6 3. g3 d5 4. Bg2 Nbd7 5. 0-0 c5 6. e3 Bd6 7. b3 0-0 8. Bb2 b6 9. Nbd2 Bb7 10. Ne5 Qc7 11. f4 Ne4 12. Nxe4 dxe4 13. Nxd7 Qxd7 14. dxc5 bxc5 15. Qd2 Rfd8 16. Rfd1 Qc7 17. Qc3 Bf8 18. Bf1 Rxd1 19. Rxd1 Rd8 20. Rd2 Rxd2 21. Qxd2 Qd6 22. Qe2 a6 23. Qe1 Bc6 24. Bxa6 Bd5 25. Qe2 c4 26. Bxc4 Bxc4 27. bxc4 Qb6 28. Bd4 Qb1+ 29. Kg2 Qxa2 30. c5 Qa5 31. Qc4 Qd2+ 32. Kh3 Qd1 33. c6 Qh5+ 34. Kg2 Qf3+ 35. Kg1 Qd1+ 36. Kf2 Bd6 37. Qe2 Qh1 38. Be5 Qxh2+ 39. Ke1 Qg1+ 40. Kd2 Bxe5 41. fxe5 Qa1 42. Qb5 1-0

[Event "Bucaramanga op"]
[Site "Bucaramanga"]
[Date "2022.12.18"]
[Round "6"]
[White "Rivera Suarez, Cesar Dario"]
[Black "Arciniegas Castro, Santiago"]
[Result "0-1"]
[WhiteElo "1774"]
[BlackElo "1953"]
[PlyCount "56"]
[EventDate "2022.12.16"]
[EventType "swiss"]
[EventRounds "7"]
[EventCountry "COL"]
[SourceTitle "EXT 2024"]
[Source "ChessBase"]
[SourceDate "2023.10.10"]
[SourceVersion "1"]
[SourceVersionDate "2023.10.10"]
[SourceQuality "1"]

1. d4 Nf6 2. c4 e6 3. Nf3 d5 4. e3 Be7 5. Nbd2 0-0 6. Bd3 Nbd7 7. 0-0 b6 8. e4 dxe4 9. Nxe4 Bb7 10. Ng3 c5 11. Be3 Rc8 12. Ne5 cxd4 13. Bxd4 Nxe5 14. Bxe5 Nd7 15. Bd4 Bf6 16. Bxf6 Nxf6 17. Qe2 Qc7 18. Rac1 Rfd8 19. Rfd1 Qf4 20. Rc2 g6 21. Rcd2 Rd7 22. b3 Rcd8 23. Nf1 Qg5 24. f3 Nh5 25. g3 Nf4 26. Qe3 Nh3+ 27. Kg2 Qxe3 28. Nxe3 Ng5 0-1

[Event "Bucaramanga op"]
[Site "Bucaramanga"]
[Date "2022.12.17"]
[Round "3"]
[White "Rivera Suarez, Cesar Dario"]
[Black "Rueda Rojas, Richard Alejandro"]
[Result "1-0"]
[WhiteElo "1774"]
[BlackElo "1820"]
[PlyCount "75"]
[EventDate "2022.12.16"]
[EventType "swiss"]
[EventRounds "7"]
[EventCountry "COL"]
[SourceTitle "EXT 2024"]
[Source "ChessBase"]
[SourceDate "2023.10.10"]
[SourceVersion "1"]
[SourceVersionDate "2023.10.10"]
[SourceQuality "1"]

1. e4 d6 2. d4 Nf6 3. Nc3 g6 4. Bg5 Bg7 5. e5 Nfd7 6. exd6 cxd6 7. Qd2 0-0 8. 0-0-0 Nc6 9. Nge2 b5 10. Bh6 b4 11. Bxg7 Kxg7 12. Ne4 Qa5 13. Kb1 b3 14. axb3 Nb4 15. Nc1 Bb7 16. Nc3 Qf5 17. h4 h5 18. f3 Nf6 19. Be2 Rac8 20. Rhg1 Nbd5 21. Nxd5 Nxd5 22. Bd3 Qf6 23. Be4 Rc7 24. Bxd5 Bxd5 25. Qa5 Rfc8 26. Qxd5 Rxc2 27. Nd3 Re2 28. Rc1 e6 29. Qxd6 Qf5 30. Rxc8 Qxd3+ 31. Ka2 Qd2 32. Qf8+ Kf6 33. Qh8+ Kf5 34. g4+ hxg4 35. fxg4+ Ke4 36. Qe5+ Kf3 37. Rc3+ Qxc3 38. Qg3+ 1-0

[Event "Bucaramanga op"]
[Site "Bucaramanga"]
[Date "2022.12.16"]
[Round "2"]
[White "Peinado, Edwin Halley"]
[Black "Rivera Suarez, Cesar Dario"]
[Result "0-1"]
[WhiteElo "2180"]
[BlackElo "1774"]
[PlyCount "98"]
[EventDate "2022.12.16"]
[EventType "swiss"]
[EventRounds "7"]
[EventCountry "COL"]
[SourceTitle "EXT 2024"]
[Source "ChessBase"]
[SourceDate "2023.10.10"]
[SourceVersion "1"]
[SourceVersionDate "2023.10.10"]
[SourceQuality "1"]

1. e4 e6 2. c4 d5 3. Nc3 dxe4 4. Nxe4 Nf6 5. Nc3 Bc5 6. Nf3 Nc6 7. a3 a5 8. Be2 0-0 9. 0-0 e5 10. d3 h6 11. Be3 Be7 12. h3 Be6 13. d4 exd4 14. Nxd4 Nxd4 15. Bxd4 c6 16. Qd3 a4 17. Rad1 Qa5 18. Qe3 Rfe8 19. Bb6 Qf5 20. g4 Qg5 21. f4 Qh4 22. Qf3 Nd7 23. Bf2 Bc5 24. Ne4 Bxf2+ 25. Rxf2 Nb6 26. Nd6 Red8 27. f5 Bd5 28. Qf4 Qe7 29. Nxb7 Qxb7 30. cxd5 Nxd5 31. Qd4 Qc7 32. Rf3 Nf6 33. Qc4 Qb6+ 34. Rf2 Qxb2 35. Rxd8+ Rxd8 36. Qxf7+ Kh8 37. Bf3 Qxa3 38. Kg2 Qe3 39. Qa2 Ne4 40. Bxe4 Qxe4+ 41. Kh2 Qe5+ 42. Kg2 Rd3 43. Qxa4 Qg3+ 44. Kf1 Qxh3+ 45. Ke2 Re3+ 46. Kd2 Ra3 47. Qd4 Ra2+ 48. Ke1 Qh1+ 49. Rf1 Qh2 0-1

[Event "COL-ch U26"]
[Site "Cali"]
[Date "2022.09.28"]
[Round "1"]
[White "Rivera Suarez, Cesar Dario"]
[Black "Martinez Zuluaica, Julian"]
[Result "0-1"]
[WhiteElo "1774"]
[BlackElo "2141"]
[PlyCount "102"]
[EventDate "2022.09.28"]
[EventType "swiss"]
[EventRounds "6"]
[EventCountry "COL"]
[SourceTitle "CBM 210 Extra"]
[Source "ChessBase"]
[SourceDate "2022.11.30"]
[SourceVersion "1"]
[SourceVersionDate "2022.11.30"]
[SourceQuality "1"]

1. e4 e6 2. d4 d5 3. Nd2 dxe4 4. Nxe4 Nf6 5. Bg5 Be7 6. Nxf6+ Bxf6 7. Bxf6 Qxf6 8. Qd2 0-0 9. Nf3 Rd8 10. Bd3 c5 11. dxc5 Nd7 12. 0-0-0 Rf8 13. Ng5 g6 14. Ne4 Qe5 15. f4 Qc7 16. Bb5 Nxc5 17. Nf6+ Kg7 18. Qd4 e5 19. fxe5 Bf5 20. Kb1 Ne6 21. Qc4 Qa5 22. Qa4 Qxa4 23. Bxa4 Nc5 24. Bb3 Nxb3 25. axb3 Rac8 26. Rd2 Rfd8 27. Rxd8 Rxd8 28. Kc1 Rd4 29. Rd1 Rf4 30. g4 Bxg4 31. Rg1 Be2 32. Rg2 Rf1+ 33. Kd2 Bf3 34. Rg3 Bc6 35. Re3 h5 36. h3 Rh1 37. c4 Rh2+ 38. Kc3 Bg2 39. Ne8+ Kf8 40. Nd6 Rxh3 41. Rxh3 Bxh3 42. Kd4 Bg2 43. b4 a6 44. Ke3 g5 45. Kf2 Bc6 46. b5 axb5 47. cxb5 Bd5 48. Kg3 Ke7 49. Nf5+ Ke6 50. Ng7+ Kxe5 51. Nxh5 f5 0-1

[Event "Bucaramanga Santander-ch"]
[Site "Bucaramanga"]
[Date "2022.04.10"]
[Round "6"]
[White "Rivera Suarez, Cesar Dario"]
[Black "Baron Cabrera, Julian Enrique"]
[Result "1-0"]
[WhiteElo "1747"]
[BlackElo "1341"]
[PlyCount "75"]
[EventDate "2022.04.08"]
[EventType "swiss"]
[EventRounds "8"]
[EventCountry "COL"]
[SourceTitle "CBM 207 Extra"]
[Source "ChessBase"]
[SourceDate "2022.05.31"]
[SourceVersion "1"]
[SourceVersionDate "2022.05.31"]
[SourceQuality "1"]

1. e4 c5 2. Nf3 Nc6 3. d4 cxd4 4. Nxd4 e5 5. Nb5 d6 6. N1c3 a6 7. Na3 Be7 8. Nd5 Nf6 9. Be3 Nxd5 10. exd5 Nd4 11. Bxd4 exd4 12. Qxd4 0-0 13. 0-0-0 b5 14. Kb1 Bf6 15. Qd2 Qe7 16. Bd3 Qe5 17. c3 Qxd5 18. Bxh7+ Kxh7 19. Qxd5 Be6 20. Qh5+ Kg8 21. Nc2 g6 22. Qf3 Bg7 23. h4 Rad8 24. h5 d5 25. Nd4 b4 26. hxg6 fxg6 27. Nxe6 Rxf3 28. gxf3 Rd6 29. Nxg7 Kxg7 30. c4 d4 31. Kc2 Rf6 32. Rxd4 Rxf3 33. c5 Rxf2+ 34. Kb3 a5 35. c6 Rf7 36. Rd7 g5 37. Rxf7+ Kxf7 38. c7 1-0

[Event "Bucaramanga Santander-ch"]
[Site "Bucaramanga"]
[Date "2022.04.10"]
[Round "5"]
[White "Roa Beleno, Matias Fernando"]
[Black "Rivera Suarez, Cesar Dario"]
[Result "0-1"]
[WhiteElo "1173"]
[BlackElo "1747"]
[PlyCount "78"]
[EventDate "2022.04.08"]
[EventType "swiss"]
[EventRounds "8"]
[EventCountry "COL"]
[SourceTitle "CBM 207 Extra"]
[Source "ChessBase"]
[SourceDate "2022.05.31"]
[SourceVersion "1"]
[SourceVersionDate "2022.05.31"]
[SourceQuality "1"]

1. d4 Nf6 2. c4 e6 3. a3 d5 4. Nc3 c5 5. e3 Nc6 6. Nf3 cxd4 7. exd4 Be7 8. Be2 0-0 9. 0-0 dxc4 10. Bxc4 a6 11. h3 b5 12. Ba2 Bb7 13. Bf4 Qb6 14. d5 exd5 15. Bxd5 Rad8 16. Qd2 Nb8 17. Be3 Bc5 18. Bxc5 Qxc5 19. b4 Qb6 20. Bxf7+ Rxf7 21. Qa2 Bxf3 22. gxf3 Rdf8 23. Rae1 Kh8 24. Re3 Nbd7 25. Rfe1 Nh5 26. Qd5 Qg6+ 27. Kh2 Nf4 28. Rg1 Qh6 29. Qxd7 Rxd7 30. Ne4 Rdf7 31. Rg3 Nxh3 32. Rxh3 Qxh3+ 33. Kxh3 Rxf3+ 34. Kg4 R8f4+ 35. Kg5 h6+ 36. Kh5 Rxe3 37. fxe3 Rxe4 38. Kg6 Kg8 39. a4 Re5 0-1

[Event "Bucaramanga Santander-ch"]
[Site "Bucaramanga"]
[Date "2022.04.09"]
[Round "4"]
[White "Rivera Suarez, Cesar Dario"]
[Black "Galvis Gomez, Jaime"]
[Result "1/2-1/2"]
[WhiteElo "1747"]
[BlackElo "1654"]
[PlyCount "29"]
[EventDate "2022.04.08"]
[EventType "swiss"]
[EventRounds "8"]
[EventCountry "COL"]
[SourceTitle "CBM 207 Extra"]
[Source "ChessBase"]
[SourceDate "2022.05.31"]
[SourceVersion "1"]
[SourceVersionDate "2022.05.31"]
[SourceQuality "1"]

1. e4 c5 2. Nf3 d6 3. d4 cxd4 4. Nxd4 Nf6 5. Nc3 a6 6. Bg5 e6 7. f4 Nbd7 8. Qf3 Qc7 9. 0-0-0 b5 10. e5 Bb7 11. Qh3 dxe5 12. Nxe6 fxe6 13. Qxe6+ Be7 14. Nxb5 axb5 15. Bxb5 1/2-1/2